000 00512nam a2200169 i 4500
001 27488
003 ES-MaACL
005 20230906153628.0
007 t|
008 030114s1969 sp ||||1| spa d
100 1 _aAubert, Jean-Marie.
_923797
245 1 0 _aLey de Dios, leyes de los hombres /
_cJean-Marie Aubert ; [Traducción de Daniel Ruiz Bueno].
260 _aBarcelona :
_bHerder,
_c1969.
300 _a306 p. ;
_c22 cm.
700 1 _aRuiz Bueno, Daniel.
_9100677
852 _aES-MaACL
_jC-38758
_bR.71409
999 _c27488
_d27488